000 00314nam a22001337a 4500
008 171020b xxu||||| |||| 00| 0 eng d
020 _a9780139045097
041 _aeng
080 _a338
100 _a54
101 _aMEN
245 _aDESIGNING, MANAGING, AND IMPROVING OPERATIONS
_cUPTON,D.M
942 _2udc
_cBK
999 _c35045
_d35045